El Triunfo de Liberación: Promesas y desafíos /
Morales Gamboa analiza las promesas hechas en campaña por el presidente electo dr. Oscar Arias S. y los desafíos que ellas representan, fundamentalmente las que se refieren a: servir a los más humildes, luchar por la incorporación plena de la mujer, incorporar a la juventud, reorientar la economía p...
Saved in:
| Main Author: | |
|---|---|
| Format: | Text |
| Subjects: | |
| Tags: |
Add Tag
No Tags, Be the first to tag this record!
|
MARC
| LEADER | 00000 a a2200000 04500 | ||
|---|---|---|---|
| 001 | 1622 | ||
| 003 | |||
| 040 | |||
| 100 | |a Morales Gamboa, Abelardo | ||
| 245 | |a El Triunfo de Liberación: Promesas y desafíos / |c Abelardo Morales Gamboa | ||
| 520 | |a Morales Gamboa analiza las promesas hechas en campaña por el presidente electo dr. Oscar Arias S. y los desafíos que ellas representan, fundamentalmente las que se refieren a: servir a los más humildes, luchar por la incorporación plena de la mujer, incorporar a la juventud, reorientar la economía para satisfacer a los más necesitados, distribuir el poder político, luchar por una mayor democracia económica, luchar contra la corrupción y defender la paz de Costa Rica. Morales contrapone a todas estas promesas, las condiciones internas y externas del país. RLS/mb | ||
| 650 | |a PARTIDO LIBERACION NACIONAL, CR | ||
| 650 | |a ADMINISTRACION ARIAS SANCHEZ, CR | ||
| 650 | |a ELECCIONES | ||
| 650 | |a PROGRAMAS GUBERNAMENTALES | ||
| 650 | |a PLANES DE DESARROLLO | ||
| 650 | |a POLITICA ECONOMICA | ||
| 650 | |a COSTOS SOCIALES | ||
| 650 | |a CONFLICTOS SOCIALES | ||
| 773 | |g número 28; páginas 6-8 | ||
| 999 | |c 38592 |d 38592 | ||
